000 00301nam a2200133Ia 4500
008 191201s2010 xx 000 0 und d
100 _aSINGH,B.D
245 0 _aLabour Laws for Managers
250 _aRep
260 _aN. Delhi
_bExcel Books
_c2010
300 _a477
650 _aMBA
942 _2ddc
_cBK
999 _c4775
_d4775